| 000 | 00780nam a2200205 i 4500 | ||
|---|---|---|---|
| 001 | 131865 | ||
| 003 | ES-MaACL | ||
| 005 | 20250925165620.0 | ||
| 007 | t| | ||
| 008 | 070214s1965 sp r ||||1| spa d | ||
| 100 | 1 |
_aRodríguez-Moñino, Antonio. _998681 |
|
| 245 | 1 | 0 |
_aHistoria de una infamia bibliográfica _b: la de San Antonio de 1823 : realidad y leyenda de lo sucedido con los libros y papeles de don Bartolomé José Gallardo / _cAntonio Rodríguez-Moñino. |
| 260 |
_aMadrid : _bCastalia, _c1965. |
||
| 300 |
_a248 p., 6 lám. ; _c23 cm. |
||
| 490 | 1 |
_aLa lupa y el escalpelo ; _v4 |
|
| 600 | 1 | 4 |
_aGallardo, Bartolomé José, _d1776-1852 _953478 |
| 830 | 0 |
_aLa lupa y el escalpelo ; _v4 _9186878 |
|
| 852 |
_aES-MaACL _jE-8151 _bR.92620 |
||
| 999 |
_c131865 _d131865 |
||